|
|
|
|
| LEADER |
00665nta a2200169 i 4500 |
| 001 |
dipl50759 |
| 005 |
20150429103037.0 |
| 008 |
150415s2013 hu om 0|| zxx d |
| 040 |
|
|
|a SZTE Diploma Repozitórium
|b hun
|
| 041 |
|
|
|a zxx
|
| 100 |
1 |
|
|a Czégány Dóra
|
| 245 |
1 |
2 |
|a A 13alfa-ösztron származékok szakirodalma
|h [elektronikus dokumentum] /
|c Dóra Czégány
|
| 246 |
1 |
0 |
|a 13alpha-estrone derivatives in the literature
|h [elektronikus dokumentum]
|
| 260 |
|
|
|c 2013
|
| 650 |
|
4 |
|a Természettudományok
|
| 700 |
1 |
|
|a Mernyák Erzsébet
|e ths
|
| 856 |
4 |
0 |
|u http://diploma.bibl.u-szeged.hu/id/eprint/50759/1/2012_Cz%C3%A9g%C3%A1ny_D%C3%B3ra_CZDSAAT_SZE_SZ.pdf
|z Dokumentum-elérés
|